| 000 | 00768nam a2200181 a 4500 | ||
|---|---|---|---|
| 008 | 081022s1980 ||||||||||||||||| || u | ||
| 050 | _aIBRD(08) | ||
| 110 | _aWorld Bank | ||
| 245 | 1 | 0 |
_aEffects of non-tariff barriers to trade on prices, employment, and imports: the case of the Swedish textile and clothing industry _cPrepared by Carl Hamilton |
| 260 |
_aWashington, D.C _bWorld Bank _c1980 |
||
| 300 | _aii, 62p. : illus. | ||
| 350 | _a0.00 | ||
| 362 | 1 | _ano. 429 | |
| 490 | _aWorld Bank Staff working paper | ||
| 650 | _aTEXTILE AND CLOTHING INDUSTRY--SWEDEN | ||
| 650 | _aTRADE POLICY--ZIMBABWE | ||
| 995 |
_D0.00 _FCBU-MAIN LIBRARY (Kitwe) _H1 _I0.00 _M1 _UAVAILABLE _WOct 22, 2008 _ZInternational Publications |
||
| 999 |
_c41355 _d41355 |
||